The political economy of new and old industrial countries

שמור ב:
מידע ביבליוגרפי
מחבר ראשי: Saunders, Christopher
פורמט: ספר
שפה:Undetermined
יצא לאור: London Butterworths 1981
נושאים:
תגים: הוספת תג
אין תגיות, היה/י הראשונ/ה לתייג את הרשומה!
Thư viện lưu trữ: Trung tâm Học liệu Trường Đại học Cần Thơ
LEADER 00481nam a2200169Ia 4500
001 CTU_79580
008 210402s9999 xx 000 0 und d
082 |a 338.9 
082 |b S257 
100 |a Saunders, Christopher 
245 4 |a The political economy of new and old industrial countries 
245 0 |c Christopher Saunders 
260 |a London 
260 |b Butterworths 
260 |c 1981 
650 |a Economic policy 
980 |a Trung tâm Học liệu Trường Đại học Cần Thơ